00370nam a2200121 450000500170000010000370001724500710005426400350012530000180016033600220017833700240020033800240022420260530113901.01 aHeiner Jacob Silvia Fdez. Et Alt10adiseño hfg ulm, America Latina, Argentina, La Plata 5 Documentos 1bEdición de LOS AUTORESc2002 a137 páginas atexto2rdacontent asin medio2rdamedia avolumen2rdacarrier